MARC details
| 000 -LEADER |
| fixed length control field |
01219 a2200385 4500 |
| 001 - CONTROL NUMBER |
| control field |
200002846 |
| 003 - CONTROL NUMBER IDENTIFIER |
| control field |
TR-AnTOB |
| 005 - DATE AND TIME OF LATEST TRANSACTION |
| control field |
20201026145022.0 |
| 008 - FIXED-LENGTH DATA ELEMENTS--GENERAL INFORMATION |
| fixed length control field |
110107s2009 tu 000 0 d |
| 020 ## - INTERNATIONAL STANDARD BOOK NUMBER |
| International Standard Book Number |
9786053770428 |
| 040 ## - CATALOGING SOURCE |
| Original cataloging agency |
TR-AnTOB |
| Transcribing agency |
TR-AnTOB |
| 041 ## - LANGUAGE CODE |
| Language code of text/sound track or separate title |
Türkçe |
| 050 14 - LIBRARY OF CONGRESS CALL NUMBER |
| Classification number |
JA85.2.T9 |
| Item number |
B55 2009 |
| 090 ## - LOCALLY ASSIGNED LC-TYPE CALL NUMBER (OCLC); LOCAL CALL NUMBER (RLIN) |
| Classification number (OCLC) (R) ; Classification number, CALL (RLIN) (NR) |
JA85.2.T9 B55 2009 |
| 245 00 - TITLE STATEMENT |
| Title |
Bilinç endüstrisinin iktidar ve siyaset pratikleri : medya eleştirileri 2009 / |
| Statement of responsibility, etc. |
editörler: Zeynep Karahan Uslu, Can Bilgili. |
| 246 03 - VARYING FORM OF TITLE |
| Title proper/short title |
Medya eleştirileri 2009. |
| 264 #1 - PRODUCTION, PUBLICATION, DISTRIBUTION, MANUFACTURE, AND COPYRIGHT NOTICE |
| Place of production, publication, distribution, manufacture |
İstanbul : |
| Name of producer, publisher, distributor, manufacturer |
Reklam Yaratıcıları Derneği, |
| Date of production, publication, distribution, manufacture, or copyright notice |
2009. |
| 300 ## - PHYSICAL DESCRIPTION |
| Extent |
325 s. |
| Dimensions |
20 cm. |
| 336 ## - CONTENT TYPE |
| Source |
rdacontent |
| Content type term |
text |
| Content type code |
txt |
| 337 ## - MEDIA TYPE |
| Source |
rdamedia |
| Media type term |
unmediated |
| Media type code |
n |
| 338 ## - CARRIER TYPE |
| Source |
rdacarrier |
| Carrier type term |
volume |
| Carrier type code |
nc |
| 490 0# - SERIES STATEMENT |
| Series statement |
Beta ; |
| Volume/sequential designation |
2124 |
| Series statement |
İletişim dizisi ; |
| Volume/sequential designation |
51 |
| 504 ## - BIBLIOGRAPHY, ETC. NOTE |
| Bibliography, etc. note |
|
| 650 #0 - SUBJECT ADDED ENTRY--TOPICAL TERM |
| Topical term or geographic name entry element |
İletişim, Politikada |
| 9 (RLIN) |
18383 |
|
| Topical term or geographic name entry element |
Communication in politics |
| 9 (RLIN) |
37024 |
| 653 0# - INDEX TERM--UNCONTROLLED |
| Uncontrolled term |
Seçim. |
|
| Uncontrolled term |
Politik pazarlama. |
|
| Uncontrolled term |
Seçim kampanyaları. |
|
| Uncontrolled term |
Seçmen davranışı. |
|
| Uncontrolled term |
Siyasal iletişim. |
| 700 1# - ADDED ENTRY--PERSONAL NAME |
| Personal name |
Karahan Uslu, Zeynep |
| 9 (RLIN) |
72623 |
|
| Personal name |
Bilgili, Can |
| 9 (RLIN) |
73076 |
| 942 ## - ADDED ENTRY ELEMENTS (KOHA) |
| Koha item type |
Book |
| Source of classification or shelving scheme |
Library of Congress Classification |